Từ điển điện tử và tin học Anh-Việt: Khoảng 28.000 thuật ngữ
में बचाया:
| मुख्य लेखक: | |
|---|---|
| स्वरूप: | पुस्तक |
| भाषा: | Undetermined |
| प्रकाशित: |
Hà Nội
Khoa học và Kỹ thuật
1994
|
| विषय: | |
| टैग : |
टैग जोड़ें
कोई टैग नहीं, इस रिकॉर्ड को टैग करने वाले पहले व्यक्ति बनें!
|
| Thư viện lưu trữ: | Trung tâm Học liệu Trường Đại học Cần Thơ |
|---|
| LEADER | 00614nam a2200193Ia 4500 | ||
|---|---|---|---|
| 001 | CTU_21769 | ||
| 008 | 210402s9999 xx 000 0 und d | ||
| 082 | |a 621.38103 | ||
| 082 | |b B112 | ||
| 100 | |a Phạm, Văn Bảy | ||
| 245 | 0 | |a Từ điển điện tử và tin học Anh-Việt: Khoảng 28.000 thuật ngữ | |
| 245 | 0 | |c Phạm Văn Bảy | |
| 260 | |a Hà Nội | ||
| 260 | |b Khoa học và Kỹ thuật | ||
| 260 | |c 1994 | ||
| 650 | |a Clectronics,Electronics | ||
| 650 | |x Dictionaries,Terminology | ||
| 904 | |i Minh | ||
| 980 | |a Trung tâm Học liệu Trường Đại học Cần Thơ | ||